Los libros y los viajes de Pablo Neruda

Saved in:
Bibliografiske detaljer
Hovedforfatter: Arce, Homero (Author)
Format: Bog
Sprog:spansk
Udgivet: Santiago Nascimento 1980
Fag:
Tags: Tilføj Tag
Ingen Tags, Vær først til at tagge denne postø!

MARC

LEADER 00000nam a2200000 a 4500
001 UCQ6519
003 CL-VaPUC
005 20230531074347.0
008 981016e19800000CL |||||||||||||||||spa|d
999 |c 276471  |d 276469 
040 |c Pontificia Universidad Católica de Valparaíso 
082 0 4 |a Ch861  |b ARC  |2 21 
100 0 |a Arce, Homero  |e author  |9 420421 
245 1 4 |a Los libros y los viajes de Pablo Neruda 
260 |a Santiago  |b Nascimento  |c 1980 
300 |a 190 p 
583 |a last modification  |c 19981016 00:00:00  |k Rodrigo Vera 
600 |a Neruda, Pablo,  |d 1904-1973  |x Crítica e interpretación   |9 875013 
650 0 |a Poesía chilena   |9 268403 
650 0 |a Literatura chilena   |9 308278 
942 |c BK  |2 ddc 
945 |d 19981016 00:00:00  |a crobeson 
952 |0 0  |1 0  |4 0  |6 CH_861_000000000000000_ARC_1980  |7 0  |8 A  |9 313720  |a BIBEDU  |b BIBEDU  |d 2019-11-20  |i 1482653  |o Ch861 ARC 1980  |p 1482653  |r 2019-11-20  |w 2019-11-20  |y BK  |k LIT